| 000 | 01020aam a2200301 i 4500 | ||
|---|---|---|---|
| 001 | 768714001 | ||
| 003 | CO-MdFUSB | ||
| 005 | 20250830115730.0 | ||
| 007 | ta | ||
| 008 | 250830t1984 sp |||| |||| 00| 0 spa d | ||
| 020 | _a84-7228-828-5 | ||
| 040 | _cCO-MdFUSB | ||
| 041 | 0 | _aspa | |
| 082 | 0 | 4 |
_223 _a249 _bP412o |
| 100 | 1 |
_aPenn-Lewis, Jessie (1861-1927) _eautor |
|
| 245 | 1 | 0 |
_aOración y evangelismo _c/ Jessie Penn-Lewis ; traducido por Samuel Vila |
| 264 | 1 |
_bClie, _aTerrassa, Barcelona, España : _c[1984] |
|
| 264 | 4 | _c©1984 | |
| 300 | _a59 páginas | ||
| 336 |
_atexto _btxt _2rdacontent |
||
| 337 |
_2rdamedia _asin mediación _bn |
||
| 338 |
_2rdacarrier _avolumen _bnc |
||
| 505 | _aLa obra de la oración. -- Condiciones personales para que la oración sea contestada. -- El poder de la oración. -- La posición de victoria en la oración y la predicación. -- Primero, ata al hombre fuerte. -- ¡Corta! | ||
| 563 | _aRústico | ||
| 650 | 7 |
_aOración _986 |
|
| 942 | _cBK | ||
| 945 | _aJTF-925 | ||
| 999 |
_c36312 _d36312 |
||